Zodpovednosť audítora za iné informácie v dokumentoch obsahujúcich auditovanú účtovnú závierku v kontexte ISA 720 diplomová práca

Guardado en:
Detalles Bibliográficos
Autor principal: Karabová, Petra
Autor Corporativo: Fakulta hospodárskej informatiky EU. Katedra účtovníctva a audítorstva
Otros Autores: Krišková, Petra, 1981-
Formato: Libro
Lenguaje:eslovaco
Publicado: Bratislava 2016
Etiquetas: Agregar Etiqueta
Sin Etiquetas, Sea el primero en etiquetar este registro!

MARC

LEADER 00000nbm a2200000 4500
001 0216913
005 20240905085027.7
041 0 |a slo 
044 |a SK 
245 1 0 |a Zodpovednosť audítora za iné informácie v dokumentoch obsahujúcich auditovanú účtovnú závierku v kontexte ISA 720  |b diplomová práca  |c Petra Karabová ; školiteľ: Petra Krišková 
264 1 |a Bratislava  |c 2016 
300 |a 58 s. 
100 1 |a Karabová, Petra 
700 1 |a Krišková, Petra, 1981- 
710 2 |a Fakulta hospodárskej informatiky EU. Katedra účtovníctva a audítorstva